| 000 | 00540nmm a2200181Ia 4500 | ||
|---|---|---|---|
| 008 | 251105s9999||||xx |||||||||||||||||und|| | ||
| 041 | _acat | ||
| 100 | _aVitaliano, Fausto | ||
| 245 | 0 | _aLa mitjalluna de sorra | |
| 264 |
_a[Madrid, España] : _bUnivers Llibres, _c[Fecha de publicación no identificada] |
||
| 300 | _a0 páginas | ||
| 490 | _aUnivers digital | ||
| 650 | _aThriller & Suspense | ||
| 700 | _aVitaliano, Fausto | ||
| 700 | 1 | _a Vaqué, Oriol | |
| 856 | _uhttps://public.digitaliapublishing.com/a/119966 | ||
| 942 | _cCF | ||
| 999 |
_c72464 _d72464 |
||